Loading...
| Literature - European | 0 | 10 | 1 | 1 | 95 | 31 | 84.80 | 2 | 9 | 33.55 | 57.08 |
| Literature - American | 0 | 9 | 0 | 0 | 90 | 48 | 73.22 | 5 | 8 | 36.21 | 61.67 |
| History - World | 0 | 8 | 0 | 3 | 80 | 25 | 86.38 | 0 | 3 | 23.03 | 27.92 |
| Literature - British | 0 | 8 | 1 | 0 | 75 | 38 | 79.25 | 3 | 6 | 28.70 | 42.08 |
| History - Other | 0 | 7 | 0 | 2 | 70 | 22 | 86.86 | 1 | 2 | 17.65 | 22.50 |
| Fine Arts - Painting and Sculpture | 0 | 7 | 0 | 1 | 70 | 25 | 70.29 | 4 | 6 | 25.61 | 42.50 |
| Social Science | 0 | 6 | 0 | 2 | 60 | 60 | 93.83 | 0 | 3 | 9.10 | 20.42 |
| Fine Arts - Other | 0 | 7 | 2 | 1 | 60 | 36 | 81.00 | 4 | 7 | 21.92 | 41.67 |
| Mythology | 0 | 6 | 0 | 0 | 60 | 70 | 85.00 | 0 | 4 | 17.29 | 25.42 |
| Religion | 0 | 6 | 1 | 0 | 55 | 82 | 94.50 | 0 | 5 | 9.07 | 25.00 |
| Literature - World | 0 | 6 | 1 | 0 | 55 | 25 | 75.50 | 2 | 5 | 22.95 | 33.33 |
| Fine Arts - Classical Music | 0 | 5 | 0 | 1 | 50 | 56 | 87.20 | 2 | 3 | 12.26 | 27.08 |
| History - European | 0 | 5 | 1 | 0 | 45 | 73 | 97.00 | 0 | 2 | 11.05 | 17.08 |
| Philosophy | 0 | 5 | 1 | 2 | 45 | 91 | 103.60 | 0 | 3 | 5.56 | 18.75 |
| History - American | 0 | 5 | 2 | 1 | 40 | 46 | 75.40 | 0 | 2 | 16.52 | 18.75 |
| Popular Culture | 0 | 3 | 0 | 0 | 30 | 48 | 86.33 | 0 | 2 | 28.55 | 37.50 |
| Current Events | 0 | 1 | 0 | 0 | 10 | 64 | 64.00 | 0 | 1 | 16.80 | 20.00 |
| Science - Biology | 0 | 1 | 0 | 0 | 10 | 34 | 34.00 | 0 | 1 | 5.66 | 5.00 |
| Science - Other | 0 | 2 | 2 | 0 | 10 | 30 | 67.00 | 1 | 2 | 8.33 | 10.00 |
| Other Academic | 0 | 1 | 0 | 0 | 10 | 44 | 44.00 | 0 | 1 | 20.80 | 25.00 |